Brit Awards - Best British Group - Statistics

General Stats
  • This quiz has been taken 210 times
  • The average score is 15 of 45
Answer Stats
Hint Answer % Correct
1996 Oasis
85%
1995 Blur
75%
1977 The Beatles
68%
2007 Arctic Monkeys
67%
2008 Arctic Monkeys
67%
2014 Arctic Monkeys
67%
2001 Coldplay
63%
2003 Coldplay
63%
2012 Coldplay
63%
2016 Coldplay
63%
2011 Take That
56%
2021 Little Mix
51%
2017 The 1975
35%
2019 The 1975
35%
1998 The Verve
34%
1997 Manic Street Preachers
33%
1999 Manic Street Preachers
33%
1985 Wham!
32%
1991 The Cure
30%
1982 The Police
30%
1984 Culture Club
28%
2006 Kaiser Chiefs
26%
1983 Dire Straits
25%
1986 Dire Straits
25%
2018 Gorillaz
25%
1988 Pet Shop Boys
25%
2000 Travis
25%
2002 Travis
25%
2023 Wet Leg
23%
2005 Franz Ferdinand
22%
2010 Kasabian
20%
2013 Mumford & Sons
20%
2022 Wolf Alice
18%
1989 Erasure
17%
2009 Elbow
16%
2024 Jungle
16%
2020 Foals
15%
1992 Simply Red
15%
1993 Simply Red
15%
2004 The Darkness
15%
2015 Royal Blood
12%
1994 Stereo MCs
12%
1992 The KLF
12%
1990 Fine Young Cannibals
11%
1987 Five Star
8%
No matching quizzes found
Score Distribution
Percent of People with Each Score
Percentile by Number Answered
Your Score History
You have not taken this quiz